00389 2200157 4500001002100000008004100021035002000062245003400082100001400116250000600130260004700136084001400183082000800197650001400205990001200219INLIS000000000001562 ind  a0010-0125000060 aEnglish DictionarycWebster's aWebster's a1 aTangerang :bKarisma Publising Groupc2006 a423 WEB e a423 aReferensi a0715091